| 000 | 00860nam a2200265Ia 4500 | ||
|---|---|---|---|
| 001 | 21877 | ||
| 005 | 20260320113321.0 | ||
| 008 | 260320s9999||||xx |||||||||||||| ||und|| | ||
| 020 | _a9789708300193 | ||
| 041 | _aESP | ||
| 082 |
_a362.7 _bC254 |
||
| 100 |
_aClick, Phyllis M., _eAUT |
||
| 245 | 0 |
_aEl cuidado de los niños : una tarea comprometida _b |
|
| 246 |
_a _5 _b |
||
| 260 |
_aMéxico : _bDelmar Cengage Learning, _c2009 |
||
| 300 |
_axxiv, 302 páginas : _bilustraciones ; _c24 cm. _e |
||
| 440 |
_a _n _v |
||
| 500 | _aNo tiene portada / Datos extraídos de Worldcat | ||
| 650 | _aCIS | ||
| 653 | _aProblemas y servicios de gente joven | ||
| 654 | _aCHU | ||
| 700 |
_aParker, Jennifer, _cAUT |
||
| 856 |
_uhttps://ebooks7-24-com.ucsp.lookproxy.com/stage.aspx?il=&pg=&ed= _zVéase además: Base de datos Ebook7-24 |
||
| 942 |
_cLIB _dJUS _fMIP _2ddc _n |
||
| 999 |
_c21877 _d21877 |
||